| 000 | 00588nam a2200205Ia 4500 | ||
|---|---|---|---|
| 005 | 20250508154336.0 | ||
| 008 | 008 250505s9999 xx 000 0 eng d | ||
| 037 | _aReference | ||
| 040 |
_aFEDL _beng _cFEDL |
||
| 041 |
_aeng _2eng |
||
| 084 |
_a370.193, COO _qFEDL |
||
| 100 |
_aCook LIloyd Allen _9765331 |
||
| 245 | 0 | _aSociological approach to education | |
| 250 | _a3 | ||
| 260 |
_aNew York, USA _bMcGraw Hill Book Company Inc _c1960 |
||
| 300 | _aix,371p | ||
| 700 |
_a Cook Elaine Forsyth _9765332 |
||
| 942 |
_cREF _h370.193, COO |
||
| 999 |
_c1349646 _d1349646 |
||